TWICE Quiz (Are you a real Once?) - Statistics

General Stats
  • This quiz has been taken 271 times
  • The average score is 52 of 84
Answer Stats
Question Answer % Correct
Twice is under what entertainment? JYP
100%
Which one is Twice's lightstick?
98%
Who is Nayeon?
97%
Who is Momo?
97%
Who is Jihyo?
97%
Who is Chaeyoung?
97%
Who is Sana?
96%
Who is Jeongyeon?
96%
Who is Mina?
96%
Who is Dahyun?
95%
Who is Tzuyu?
95%
Who is the maknae? Tzuyu
95%
Which one is Twice's official greeting? One in a million! Hello, we are TWICE!
94%
Which album did they debut? The Story Begins
89%
Whose real name is Park Jisoo, but she legalized her name to...? Jihyo
85%
Who is the leader? Jihyo
84%
Who is the oldest member? Nayeon
83%
Which date did they debut? 20 October 2015
82%
Who is the TWICE member who trained for the longest time? (She trained for 10 years) Jihyo
82%
Who are the main rapper? Chaeyoung
79%
Which member known as the "Dancing Machine"? Momo
78%
Who is the center? Nayeon
78%
Which reality show formed Twice? Sixteen
77%
Which member is the shortest in Twice? Chaeyoung
76%
Who used to have American citizenship but she gave it up as of 2019? Mina
76%
Who is the visual? Tzuyu
76%
Which member has the nickname "Penguin"? Mina
75%
Whose nickname is ‘Tofu’ because her white skin? Dahyun
74%
Which member was born in U.S.? Mina
74%
Who are the main dancers? Momo-Mina
74%
When is Nayeon's birthday? 22 September 1995
73%
Which member is the tallest in Twice? Tzuyu
73%
Who is the main vocalist? Jihyo
72%
Who was very popular due to her Eagle dance video which went viral in South Korea? Dahyun
71%
Which song includes the iconic line "shy, shy, shy"? Cheer Up
70%
Who has the ability to find the cameras no matter where they are? Dahyun
70%
Who learned ballet for 11 years? Mina
70%
Whose birth name is Yoo Kyung Wan but she changed her name in 3rd grade because she was teased because her name sounded like a boy’s name? Jeongyeon
68%
Who was eliminated in ep 6 of SIXTEEN, but J.Y.Park decided to add her as a member of Twice? Momo
68%
When is Mina's birthday? 24 March 1997
64%
Who was in a hiatus, returned and then she was on a hiatus again? Jeongyeon
64%
Whose father Yoo Chang-joon was a private chef for former president Kim Dae-jung, as well as a head chef of the Seoul Plaza Hotel for over 20 years, specializing in Korean cuisine? Jeongyeon
63%
Which one is from Talk That Talk era?
61%
Who was the first Sixteen member to be announced and also the first member to be confirmed in Twice? Nayeon
61%
Whose accidental hair flick while shooting an arrow at the Idol Athletics Championships went viral? Tzuyu
61%
When is Tzuyu's birthday? 14 June 1999
60%
When is Jihyo's birthday? 1 February 1997
59%
What is the title of Twice first Full-Lenght Studio Album? Twicetagram
58%
Who was discovered by JYP at the MUSE Performing Arts Workshop in Tainan in 2012? Tzuyu
57%
Whose left leg is weak due to her being in a car accident when she was still in her childhood days? Nayeon
56%
What year did Twice release their song "I Can't Stop Me"? 2020
54%
Who has been in hiatus for a few months in 2019? Mina
54%
Who got cast while she was shopping with her friends? Sana
51%
Which award did Twice win at the 2016 MAMA? Song Of The Year
51%
When is Chaeyoung's birthday? 23 April 1999
50%
Which one is Itzy's official fandom name? Once
50%
When is Dahyun's birthday? 28 May 1998
49%
When is Sana's birthday? 29 December 1996
49%
When is Momo's birthday? 9 November 1996
49%
Who was paired with Astro‘s Cha Eunwoo and they performed a romantic comedy type drama, featuring Astro member Moon Bin in Chuseok Special Show? Dahyun
49%
Who knows how to play the saxophone? Jeongyeon
49%
Whose English name is Katarina? Chaeyoung
48%
Who secretly entered a JYP open audition and passed? Nayeon
47%
When is Jeongyeon's birthday? 1 November 1996
43%
Which one is Twice's represent color? Apricot - Neon Magenta
43%
Who is the member who had the shortest training period before debuting as a member of Twice? Mina
42%
Whose father is Akira ..., a clinical professor at Osaka University Hospital? Mina
41%
Which member was a child model before joining Twice? Tzuyu
41%
Who is called the mother of TWICE? Jeongyeon
39%
Who fought with the JYP staff to perform Born This Way by Lady Gaga in the Philippines on June 29, 2019? Chaeyoung
36%
Who has 3 dogs (female dogs), named Petco, Pudding, and Lucky? Momo
35%
Whose cousin is Ji Yunseo, a member of of the project boy group EVNNE? Nayeon
33%
Who is starred in GOT7’s “Girls Girls Girls” MV? Nayeon-Jeongyeon
33%
Who received the largest percentage of the votes in the history of ‘Battle of the stars’ (87%)? Tzuyu
33%
Who was accepted into JYP and SM in the same day, but chose JYP? Jeongyeon
31%
Which Twice music video was the first to hit 500 Million Views? TT
30%
Whose mom has a cafe shop? Tzuyu
30%
Who performed a solo in a youth dance festival and was scouted by JYP Entertainment in middle school? Dahyun
28%
Who was chosen for JYP’s girl group 6mix but they disbanded and never debuted? Nayeon
28%
Who trained at SM Entertainment for 1 year befre joining JYP? Jihyo
27%
Which member is known for her piano skills? Mina
25%
In what year did Twice start their first world tour? 2019
23%
Who got cast while shopping with her mom? Mina
22%
Who was the MC of Idol Star Athletics Championship 2019 New Years Special? Sana
22%
No matching quizzes found
Score Distribution
Percent of People with Each Score
Percentile by Number Answered
Your Score History
You have not taken this quiz